LEADER 01307nam a2200313 u 4500 001 000000067228 003 CaOOAMICUS 005 20070226121650.0 008 020206s1991 it u000 u ita u 020 $a8840424105 035 $a10919513 040 $aPUL(R)$bita 100 1 $aAbaelardus, Petrus,$d1079-1142.$0(OLS)http://pul/name/7147 245 10$aDialogo :$btra un filosofo, un giudeo e un cristiano /$cPietro Abelardo ; a cura di Gianni Dotto. 260 $aFirenze :$bNardini,$c1991. 300 $a253 p. ;$c21 cm 490 1 $aBiblioteca medievale (Nardini) ;$v11 700 1 $aDotto, Gianni,$d1946-$0(OLS)http://pul/name/8034 830 0$aBiblioteca medievale (Nardini) ;$v11.$0(OLS)http://pul/title/3327 850 $aPUL 852 $aPUL$W1$xSL Filosofia 1$y2$m110(1) C 11$j86985$nBK-PRI$b $qStampati$B86985$CPULBib$Z2$F86985 $H $81 900 $aPietro Abelardo,$d1079-1142$97147 900 $aAbelardo, Pietro,$d1079-1142$97147 900 $aPetrus Palatinus,$d1079-1142$97147 941 1 $a8 961 $aINV: 68452 996 $6020$a8840424105$9(OLS)http://pul/number/87186 996 $6245$aDialogo :$btra un filosofo, un giudeo e un cristiano$9(OLS)http://pul/title/89166 996 $6260$aFirenze :$bNardini$9(OLS)http://pul/publisher/47894 LEADER 01205nam a2200265 a 4500 001 000000156562 003 CaOOAMICUS 005 20161121131001.0 008 161121s1996 it a u000 u ita r 032 $aLibriCat 040 $aPUL$bita 100 1 $aBarbagallo, Salvatore,$cO.F.M.,$d1956-$0(OLS)http://pul/name/23901 245 10$aIconografia liturgica del Pantokrator /$cSalvatore Barbagallo. 260 $aRoma :$bPontificio Ateneo S. Anselmo,$c1996. 300 $a272 p. :$bill. ;$c24 cm. 502 $aTesi -- Pontificium Athenaeum S. Anselmi de Urbe. Pontificium Institutum Liturgicum. 1996. 504 $aBibliografia p. 11-42. 600 04$aIesus Christus$xIconografia.$0(OLS)http://pul/subject/10531 710 2 $aPontificio Ateneo S. Anselmo.$bPontificio Istituto Liturgico.$kTesi.$0(OLS)http://pul/name/81977 850 $aPUL 852 $aPUL$W1$xDP1 Tesi Pon. At. S. Anselmo$y29$mTH ANS 389$j179787$qTesi$B182964$CPULBib$Z2$F182964 $H79049 $82 941 1 $a16 996 $6245$aIconografia liturgica del Pantokrator$9(OLS)http://pul/title/40525 996 $6260$aRoma :$bPontificio Ateneo S. Anselmo$9(OLS)http://pul/publisher/48098